|
|
|
|
| LEADER |
01188nab#a2200433#ar4500 |
| 001 |
000000398 |
| 003 |
SVKKK |
| 005 |
00000000000000.0 |
| 008 |
c xo e engo |
| FMT |
|
|
|
| 038 |
|
|
|a SVKKK
|
| 040 |
|
|
|a SVKKK
|b slo
|e AACR2
|
| 041 |
0 |
|
|a eng
|b slo
|
| 044 |
|
|
|a xo
|c SK
|
| 080 |
|
|
|a 551.762/7
|2 1981
|
| 080 |
|
|
|a 553.54
|2 1981
|
| 080 |
|
|
|a 564.53(234.372.31
|2 1981
|
| 100 |
1 |
|
|a Rakús, Miloš
|4 aut
|
| 242 |
1 |
0 |
|a Revízia amonitov z mariánskych bridlíc (Malé Karpaty)
|
| 245 |
1 |
0 |
|a Revision of ammonites from Marianka shales (Little Carpathians)
|c Rakús Miloš,
|
| 300 |
|
|
|b Fotogr. 5, obr. 1,
|
| 504 |
|
|
|a Res. slov., lit. 16 zázn. v angl., češ., franc., nem., slov.
|
| 650 |
0 |
4 |
|a amonity
|
| 650 |
0 |
4 |
|a bridlice
|z Mariánka
|
| 650 |
0 |
4 |
|a charakteristika
|
| 650 |
0 |
4 |
|a jura
|
| 650 |
0 |
4 |
|a paleontológia
|
| 650 |
0 |
4 |
|a terciér
|x výskumy
|x štúdie
|
| 650 |
0 |
4 |
|a zaradenie stratigrafické
|
| 773 |
0 |
|
|t Mineralia slovaca
|x 0369-2086
|g Roč. 26, č. 2(1994), s. 118-125
|
| 957 |
|
|
|a 5201
|
| 958 |
|
|
|a MS
|
| 958 |
|
|
|a NB
|
| 958 |
|
|
|a NP
|
| 974 |
|
|
|d 941021
|a 246
|
| 992 |
|
|
|a RBX
|
| BAS |
|
|
|
| 852 |
|
|
|a SVKKK
|b BIB
|
| 998 |
|
|
|a GEO
|